000 01097nam a2200361 a 4500
003 AR-BaBNM
005 20251128203643.0
008 082120s2002 ||||||||||||||000 | spa||
040 _cAR-BaBNM
100 1 _aGiordano, Luis
245 0 0 _aLos fundamentos de la dislexia escolar
_bel grado para alumnos disléxicos : medios para prevenir la dislexia escolar desde el jardín de infantes
250 _a1ª ed.
260 _aBuenos Aires
_bEl Ateneo
_c1973
300 _a324 p.
_btablas, diagr., il.
504 _aBibliografía: p. 311-314
650 4 _aEDUCACION ESPECIAL
650 4 _aDISLEXIA
650 4 _aDISLEXIA
650 4 _aDIFICULTAD EN LA LECTURA
650 4 _aENSEÑANZA DE LA LECTURA
650 4 _aENSEÑANZA DE LA ESCRITURA
650 4 _aPSICOLOGIA DEL NIÑO
650 4 _aIMAGINACION
650 4 _aMEMORIA
650 4 _aTRASTORNOS DE LA MEMORIA
650 4 _aEPILEPSIA
650 4 _aSERVICIOS DE ORIENTACION
650 4 _aPSICOLOGOS ESCOLARES
653 _aGABINETES PSICOPEDAGOGICOS
700 1 _aGiordano, Luis Héctor
942 _cBK
998 _cSILVI
999 _c4343
_d4343